| 000 | 00812nam a2200241 a 4500 | ||
|---|---|---|---|
| 999 |
_c333289 _d333289 |
||
| 003 | BLK | ||
| 005 | 20250630164554.0 | ||
| 008 | 190729b bu |||||r|||| 00| 0 bu d | ||
| 020 | _a9789352413362 | ||
| 040 | _aBLK | ||
| 041 |
_aBUL _cBUL |
||
| 080 |
_aЛитература на отделни езици и езикови семейства _b821 _x-93-34 _z821-93-34 |
||
| 139 |
_aЯдосвам се _bЯ 26 |
||
| 245 | _aЯдосвам се | ||
| 260 |
_9220541 _bHello Friend Books Inc. _c2017 _dBrijbasi Art Press _fОтпечатано в Китай |
||
| 300 |
_a16 с. _bс цв. ил. _c21 см |
||
| 380 | _aDX | ||
| 500 | _aБез сведения за автора. | ||
| 942 |
_cKNG _n0 _s1 _030 |
||
| 944 |
_aCR _c2019-07-29 _k30537 _lГрета Цуфелде |
||
| 999 | _d333289 | ||
| 999 | _d333289 | ||